000 01774nam0a2200421 4500
001 RU\NLR\bibl\380651
005 20260406042900.0
010 _a5-329-00616-3
_95000
021 _aRU
_b2002-65964
_93198
035 _a(NLR Aleph) 000375062
090 _a419834
_c419834
100 _a20030220d2003 |||y0rusy50 ca
101 0 _arus
_ager
102 _aRU
105 _aa |||||||||
200 1 _aРазноцветные ступеньки
_eкн. для чтения к учеб. нем. яз. для 4 кл. шк. с углубл. изучением нем. яз.
_fсост. Г. В. Яцковская, Н. П. Каменецкая
205 _a4-е изд., испр.
210 _aМ.
_cОникс 21 в.
_d2003
215 _a96 с.
_cил.
_d23
300 _aНем., рус.
300 _aНа обл.: Bunte Stufen / Galina Jatzkowskaja, Nadeshda Kamenetzkaja
512 1 _6z11790
_aBunte Stufen
_eDeutsch 4
_eLesebuch
606 0 _aНемецкий язык
_jУчебные издания
_91063964
_3RU\NLR\auth\66413315
610 0 _aНемецкий язык - Хрестоматии
675 _a373.167.1:811.112.2
_v3
_zrus
686 _a14.25
_2rugasnti
686 _a81.2Нем-922
_2rubbk
686 _aШ143.24-93рус221[4]
702 1 _4220
_8rus
_7ca
_aЯцковская
_bГ.В.
_gГалина Васильевна
_3RU\NLR\auth\773022
_9113029
790 1 _4070
_8rus
_7ba
_aJackovskaja
_bG.V.
_gGalina Vasil'evna
_3RU\NLR\auth\773023
_9113030
790 1 _4070
_8rus
_7ba
_aKameneckaja
_bN. P.
_gNadežda Petrovna
_3RU\NLR\auth\773025
_9113032
801 0 _aRU
_bRKP
_c20030220
_gPSBO
801 1 _aRU
_bRKP
_c20030220
801 2 _aRU
_bNLR
_c20030422
_grcr
942 _cBOOK
980 _aNB